| 000 | 01164cam a2200277 a 4500 | ||
|---|---|---|---|
| 999 |
_c18418 _d18418 |
||
| 008 | 050706s2007 maua b 001 0 eng | ||
| 020 | _a061863701X | ||
| 050 | 0 | 0 |
_aLB1028.3 _b.G73 2007 |
| 100 | 1 | _aGrabe, Mark. | |
| 245 | 1 | 0 |
_aIntegrating technology for meaningful learning / _cMark Grabe, Cindy Grabe. |
| 250 | _a5th ed. | ||
| 260 |
_aBoston, MA : _bHoughton Mifflin Co., _c2007. |
||
| 300 |
_axxxi, 431 p. : _bill. ; _c26 cm. |
||
| 504 | _aIncludes bibliographical references and index. | ||
| 650 | 0 | _aEducational technology. | |
| 650 | 0 | _aComputer-assisted instruction. | |
| 942 |
_2lcc _cBOOKS _hLB1028.3 .G73 2007 |
||